| 000 | 00000nam##2200000za#4500 |
| 001 | 9.698652 |
| 003 | CaOODSP |
| 005 | 20231102095719 |
| 007 | cr ||||||||||| |
| 008 | 150407|2012||||xxc|||||o f|0| 0 eng|d |
| 040 | |aCaOODSP|beng |
| 043 | |an-cn--- |
| 086 | 1 |aD74-18/2012E-PDF |
| 110 | 2 |aOffice of the National Defence and Canadian Forces Ombudsman. |
| 245 | 10|aReserved care : |h[electronic resource]|ba follow up into the treatment of injured reservists |
| 260 | |aOttawa - Ontario : |bOffice of the National Defence and Canadian Forces Ombudsman |cNovember 2012. |
| 300 | |a35p. |
| 590 | |a14-03-Supp|b2014-01-17 |
| 690 | 07|aMilitary personnel|2gcpds |
| 690 | 07|aOccupational accidents|2gcpds |
| 775 | 08|tDes soins sous toutes réserve : |w(CaOODSP)9.642690 |
| 856 | 40|ahttp://publications.gc.ca|qPDF|s274 KB|uhttps://publications.gc.ca/collections/collection_2013/dn-nd/D74-18-2012-eng.pdf |